[Event "Lille Luce op 7th"]
[Site "Lille"]
[Date "2016.04.09"]
[Round "1"]
[White "Roger, Mehdi"]
[Black "Rousseau, Jean Francois"]
[Result "1-0"]
[WhiteElo "2140"]
[BlackElo "1880"]
[PlyCount "65"]
[EventDate "2016.04.09"]
[EventType "swiss"]
[EventRounds "7"]
[EventCountry "FRA"]
[SourceTitle "CBM 171 Extra"]
[Source "ChessBase"]
[SourceDate "2016.04.26"]
[SourceVersion "1"]
[SourceVersionDate "2016.04.26"]
[SourceQuality "1"]

1. e4 d6 2. d4 Nf6 3. Nc3 g6 4. f4 Bg7 5. Nf3 c5 6. Bb5+ Bd7 7. e5 Ng4 8. Bxd7+ Qxd7 9. d5 dxe5 10. h3 e4 11. hxg4 Bxc3+ 12. bxc3 exf3 13. Qxf3 Na6 14. c4 0-0-0 15. Bb2 f6 16. 0-0-0 Nb4 17. a3 Na6 18. Rde1 Rde8 19. Re3 Nc7 20. Rd1 h5 21. g5 Rhf8 22. gxf6 exf6 23. Rxe8+ Nxe8 24. d6 Ng7 25. Qd5 Ne6 26. Re1 Nxf4 27. Qxc5+ Kb8 28. Re7 Qc6 29. Qxc6 bxc6 30. g3 Nh3 31. Bd4 f5 32. Bxa7+ Ka8 33. d7 1-0

[Event "Fourmies op 35th"]
[Site "Fourmies"]
[Date "2011.06.11"]
[Round "1"]
[White "Rousseau, Jean Francois"]
[Black "David, Alberto"]
[Result "0-1"]
[WhiteElo "1907"]
[BlackElo "2593"]
[PlyCount "62"]
[EventDate "2011.06.11"]
[EventType "swiss"]
[EventRounds "7"]
[EventCountry "FRA"]
[SourceTitle "CBM 142 Extra"]
[Source "ChessBase"]
[SourceDate "2011.06.27"]
[SourceVersion "1"]
[SourceVersionDate "2011.06.27"]
[SourceQuality "1"]

1. e4 c5 2. Nf3 e6 3. d4 cxd4 4. Nxd4 a6 5. Bd3 Bc5 6. Nb3 Be7 7. Qg4 g6 8. Qe2 d6 9. 0-0 Nd7 10. Na3 b6 11. Nc4 Bb7 12. a4 Ngf6 13. Bh6 Qc7 14. f4 d5 15. exd5 Nxd5 16. Rae1 Nb4 17. f5 gxf5 18. Bxf5 Rg8 19. Be4 Bxe4 20. Qxe4 Qc6 21. c3 Qxe4 22. Rxe4 Nd5 23. Nd4 Rc8 24. Ne5 N5f6 25. Nxd7 Nxe4 26. Nxb6 Rc5 27. Ne2 Bd8 28. b4 Bxb6 29. bxc5 Bxc5+ 30. Nd4 Nxc3 31. Be3 Bxd4 0-1

[Event "CEF Winter-ch Division 1"]
[Site "Fontaine l'Eveque"]
[Date "2011.01.28"]
[Round "7.3"]
[White "Ducruet, Francis"]
[Black "Rousseau, Jean Francois"]
[Result "0-1"]
[WhiteElo "1626"]
[BlackElo "1923"]
[PlyCount "68"]
[EventDate "2010.11.19"]
[EventType "tourn"]
[EventRounds "7"]
[EventCountry "BEL"]
[SourceTitle "EXT 2024"]
[Source "ChessBase"]
[SourceDate "2023.10.10"]
[SourceVersion "1"]
[SourceVersionDate "2023.10.10"]
[SourceQuality "1"]

1. e4 c5 2. c3 Nf6 3. e5 Nd5 4. d4 cxd4 5. cxd4 Nc6 6. Nf3 d6 7. Be2 Bg4 8. Bd2 e6 9. Bc3 Qc7 10. 0-0 Be7 11. a3 0-0 12. Nbd2 Nxc3 13. bxc3 dxe5 14. Nxe5 Nxe5 15. dxe5 Bxe2 16. Qxe2 Rac8 17. c4 Rfd8 18. a4 Bb4 19. Ra2 Bxd2 20. Rxd2 Rxd2 21. Qxd2 Qxe5 22. Rd1 g6 23. Qb4 b6 24. h3 Qc7 25. Qb5 Qxc4 26. Qd7 Qc7 27. Qb5 Qc5 28. Qa6 Qc2 29. Rd4 Rc7 30. Qb5 Qc5 31. Rd8+ Kg7 32. Qb2+ Qc3 33. Qd2 Rc5 34. Rd7 e5 0-1

[Event "Fourmies op 34th"]
[Site "Fourmies"]
[Date "2010.05.23"]
[Round "4"]
[White "Godart, Francois"]
[Black "Rousseau, Jean Francois"]
[Result "1/2-1/2"]
[WhiteElo "2227"]
[BlackElo "1926"]
[PlyCount "48"]
[EventDate "2010.05.22"]
[EventType "swiss"]
[EventRounds "7"]
[EventCountry "FRA"]
[SourceTitle "CBM 136 Extra"]
[Source "ChessBase"]
[SourceDate "2010.07.02"]
[SourceVersion "2"]
[SourceVersionDate "2010.07.15"]
[SourceQuality "1"]

1. d4 e6 2. c4 f5 3. Nc3 Nf6 4. e3 d5 5. Bd3 c6 6. Nge2 Bd6 7. f3 0-0 8. 0-0 Kh8 9. Bd2 Nbd7 10. Qc2 dxc4 11. Bxc4 Nb6 12. Bd3 Nfd5 13. Nxd5 exd5 14. b4 Be6 15. a4 Nc4 16. Bxc4 dxc4 17. e4 fxe4 18. fxe4 Qb6 19. a5 Qb5 20. Qb2 Bxh2+ 21. Kxh2 Qh5+ 22. Kg1 Qxe2 23. e5 Bd5 24. Bc3 Qe3+ 1/2-1/2

[Event "Marseille op 2nd "]
[Site "Marseille"]
[Date "2009.12.29"]
[Round "8"]
[White "Goldsztejn, Gildas"]
[Black "Rousseau, Jean Francois"]
[Result "1-0"]
[WhiteElo "2419"]
[BlackElo "1915"]
[PlyCount "79"]
[EventDate "2009.12.26"]
[EventType "swiss"]
[EventRounds "9"]
[EventCountry "FRA"]
[SourceTitle "CBM 134 Extra"]
[Source "ChessBase"]
[SourceDate "2010.03.03"]
[SourceVersion "1"]
[SourceVersionDate "2010.03.03"]
[SourceQuality "1"]

1. e4 c5 2. Nf3 Nc6 3. Bb5 d6 4. 0-0 Bd7 5. Re1 a6 6. Bf1 Bg4 7. h3 Bxf3 8. Qxf3 Nd4 9. Qd1 e5 10. c3 Ne6 11. Bc4 Ne7 12. Bxe6 fxe6 13. d4 cxd4 14. cxd4 exd4 15. Qxd4 Nc6 16. Qc4 Qf6 17. Nc3 Be7 18. Be3 0-0 19. Rad1 Rac8 20. Qe2 b5 21. f4 Qg6 22. Qd3 Kh8 23. Rf1 d5 24. exd5 Qxd3 25. Rxd3 Nb4 26. Rd2 Nxd5 27. Nxd5 exd5 28. Rxd5 Rc2 29. Rf2 Rfc8 30. b3 h6 31. Rxc2 Rxc2 32. Rd2 Rc1+ 33. Kf2 Kh7 34. Kf3 Rc3 35. Ke4 Ba3 36. Bd4 Rg3 37. Be5 Bc5 38. Re2 g5 39. f5 g4 40. Bxg3 1-0

[Event "Hainaut-ch"]
[Site "Manage"]
[Date "2008.08.23"]
[Round "7.6"]
[White "Barbier, Sigiswald"]
[Black "Rousseau, Jean Francois"]
[Result "1-0"]
[WhiteElo "2029"]
[BlackElo "1786"]
[PlyCount "45"]
[EventDate "2008.08.23"]
[EventType "swiss"]
[EventRounds "9"]
[EventCountry "BEL"]
[SourceTitle "EXT 2024"]
[Source "ChessBase"]
[SourceDate "2023.10.10"]
[SourceVersion "1"]
[SourceVersionDate "2023.10.10"]
[SourceQuality "1"]

1. c4 e5 2. g3 Nc6 3. Bg2 d6 4. Nc3 Nge7 5. d3 Be6 6. e4 h5 7. h4 Nd4 8. Be3 Nec6 9. Nd5 Qd7 10. Qd2 a5 11. f3 Be7 12. Ne2 f5 13. Nxd4 exd4 14. Bf2 0-0-0 15. a3 fxe4 16. dxe4 Rdf8 17. Bxd4 Nxd4 18. Qxd4 Bxd5 19. cxd5 Bf6 20. Qa7 Qb5 21. Bh3+ Kd8 22. Qb8+ Ke7 23. Qxc7+ 1-0

[Event "Hainaut-ch"]
[Site "Manage"]
[Date "2008.08.23"]
[Round "8.12"]
[White "Rousseau, Jean Francois"]
[Black "Castellana, Michael"]
[Result "1/2-1/2"]
[WhiteElo "1786"]
[BlackElo "1811"]
[PlyCount "67"]
[EventDate "2008.08.23"]
[EventType "swiss"]
[EventRounds "9"]
[EventCountry "BEL"]
[SourceTitle "EXT 2024"]
[Source "ChessBase"]
[SourceDate "2023.10.10"]
[SourceVersion "1"]
[SourceVersionDate "2023.10.10"]
[SourceQuality "1"]

1. e4 Nf6 2. e5 Nd5 3. c4 Nb6 4. c5 Nd5 5. Bc4 e6 6. Nc3 Nxc3 7. dxc3 Bxc5 8. Qg4 Kf8 9. Bg5 Be7 10. Nf3 Nc6 11. h4 b6 12. 0-0-0 Bb7 13. Rh3 Qe8 14. Rg3 Bxg5+ 15. Qxg5 g6 16. Qf6 Kg8 17. Ng5 h6 18. Ne4 Ne7 19. Qf4 Bxe4 20. Qxe4 Nf5 21. Rgd3 d5 22. exd6 Nxd6 23. Qg4 Nxc4 24. Qxc4 c5 25. Rd7 Rh7 26. Qf4 f5 27. Qc7 Rxd7 28. Rxd7 Qf8 29. Qe5 Re8 30. Rxa7 Re7 31. Rxe7 Qxe7 32. Qb8+ Kf7 33. Qxb6 Qxh4 34. Qxc5 1/2-1/2

[Event "Hainaut-ch"]
[Site "Manage"]
[Date "2008.08.23"]
[Round "1.25"]
[White "Rousseau, Jean Francois"]
[Black "Maesfranckx, Jacques"]
[Result "1-0"]
[WhiteElo "1786"]
[BlackElo "1157"]
[PlyCount "71"]
[EventDate "2008.08.23"]
[EventType "swiss"]
[EventRounds "9"]
[EventCountry "BEL"]
[SourceTitle "EXT 2024"]
[Source "ChessBase"]
[SourceDate "2023.10.10"]
[SourceVersion "1"]
[SourceVersionDate "2023.10.10"]
[SourceQuality "1"]

1. e4 d6 2. d4 Nf6 3. Nc3 g6 4. Bg5 Bg7 5. f4 0-0 6. Qd2 Nbd7 7. e5 dxe5 8. fxe5 Ne8 9. Nf3 Nb6 10. Bd3 Be6 11. 0-0 f5 12. b3 c6 13. Bh6 Nc7 14. Bxg7 Kxg7 15. Ne2 Ncd5 16. c4 Nc7 17. a4 a5 18. Nf4 Bc8 19. Rad1 Ne6 20. Bc2 Nxf4 21. Qxf4 e6 22. Rd3 Qe7 23. Rfd1 Rb8 24. Nd2 Nd7 25. Rh3 g5 26. Rg3 h6 27. Nf3 Kh8 28. Nxg5 hxg5 29. Rxg5 Rf7 30. Rd3 Nf8 31. Rdg3 Ng6 32. Rxg6 Bd7 33. Rh3+ Rh7 34. Rxh7+ Qxh7 35. Rh6 Kg7 36. Rxh7+ 1-0